01442nam a2200301 a 450000100060000000300080000600500170001400800410003102000220007203500190009404000360011304100080014908200350015724500950019226000580028730000240034550002360036950400410060565000380064665000380068465000530072265100690077570000330084471100840087794200120096199900170097395201500099041851BD-RjUL20211209053447.0160606s1984 dcu | 100 0 eng  a0935328211 (pbk.) a(BD-RjUL)41969 aDLCcDLCdOCoLCd(BD-RjUL)beng aeng00a342.085a342.285219bHUM 198400aHuman rights law and the Reagan administration, 1981-1983 /cedited by Andrew James Samet. aWashington, DC :bInternational Law Institute,cc1984 ax, 136 p. ;c23 cm. aBased on papers prepared for a Human Rights Law Symposium held at the Georgetown University Law Center, March 22, 1983. It was jointly sponsored by the International Law Institute and the Georgetown Jewish Law Students Association. aIncludes bibliographical references. 0aCivil rightsxCongresses.9128558 0aHuman rightsxCongresses.9128559 0aCivil rightszUnited StatesxCongresses.9128560 0aUnited StatesxForeign relationsy1981-1989xCongresses.91285611 aSamet, Andrew James.91285622 aHuman Rights Law Symposiumd(1983 :cGeorgetown University. Law Center)9128563 2ddccBK c41851d41851 00102ddc40708NFICaRUCLbRUCLcStackd1994-07-07eAsia foundationl1o342.085 HUM 1984r2023-06-18 00:00:00s2023-06-07tC-2w2021-12-09yBK